Statistiques concernant Focus sur: Luna Lovegood - Harry Potter

Cliquez ici pour prendre le quiz!

Statistiques générales

  • Ce quiz a été pris 1 247 fois
  • Le résultat moyen est 10 sur 16

Statistiques - réponses

Informations recherchéesRéponses% Correct
Ecole fréquentéePoudlard
97%
Statut du sangSang-Pur
96%
Maison fréquentéeSerdaigle
95%
Couleur des cheveuxBlond
91%
Première apparitionHarry Potter et l'Ordre du Phénix
86%
PèreXenophilius Lovegood
86%
PatronusLièvre
71%
Profession du pèreDirecteur du Chicaneur
64%
SurnomLoufoca
60%
Actrice l'interprétant dans les filmsEvanna Lynch
49%
Lieu de rencontre avec Harry PotterPoudlard Express
47%
ÉpouxRolf Dragonneau
39%
MèrePandora Lovegood
25%
FilsLysander Dragonneau
18%
FilsLorcan Dragonneau
16%
Profession (adulte)Naturaliste
13%

Distribution des résultats

Percentile par nombre de réponses

% des personnes avec chaque résultat

Votre développement - résultats

Vous n’avez pas pris ce quiz